Personnages de dessins animés en images - H - Statistiques

Statistiques générales
  • Ce quiz a été pris 701 fois
    688 depuis la dernière actualisation
  • Le résultat moyen est 8 sur 16
Statistiques - réponses
Par images Réponse % Correct
Homer Simpson
98%
Hercule
95%
Hadès
84%
Heidi
81%
Hans
75%
Hamtaro
60%
Harold Horrib' Haddock III
58%
Héctor
58%
Hei hei
41%
Héra
36%
Hiro Hamada
30%
Horton
25%
Hank
17%
Hugo
17%
Helga Pataki
8%
Heimlich
7%
Aucun quiz correspondant
Distribution des résultats
% des personnes avec chaque résultat
Percentile par nombre de réponses
Votre historique - résultats
Vous n’avez pas pris ce quiz depuis la dernière actualisation